| Tag |
First Indicator |
Second Indicator |
Subfields |
| LEADER |
00000cam a2200000 i 4500 |
| 001 |
in00000013202 |
| 005 |
20151007052343.0 |
| 008 |
760121s1968 nyub b 00110 eng d |
| 035 |
|
|
|a (OCoLC)01940480
|
| 035 |
|
|
|9 AAA7416AM
|
| 040 |
|
|
|a TXU
|c TXU
|d OCL
|d m/c
|d TXA
|d UtOrBLW
|
| 049 |
|
|
|a TXAM
|v 1 [A11044242]
|v 2 [A11044292]
|
| 050 |
|
4 |
|a E181
|b .L45 1968
|
| 100 |
1 |
|
|a Leckie, Robert,
|d 1920-2001.
|
| 245 |
1 |
4 |
|a The wars of America /
|c Robert Leckie ; Foreword by Richard B. Morris.
|
| 250 |
|
|
|a [Book Club ed.].
|
| 264 |
|
1 |
|a New York :
|b Harper & Row,
|c [1968]
|
| 264 |
|
4 |
|c ©1968
|
| 300 |
|
|
|a 2 volumes :
|b maps ;
|c 22 cm.
|
| 336 |
|
|
|a text
|b txt
|2 rdacontent
|
| 337 |
|
|
|a unmediated
|b n
|2 rdamedia
|
| 338 |
|
|
|a volume
|b nc
|2 rdacarrier
|
| 504 |
|
|
|a Includes bibliographical references and index.
|
| 505 |
0 |
|
|a v. 1. Quebec to Appomattox.--v. 2. San Juan Hill to Tonkin.
|
| 651 |
|
0 |
|a United States
|x History, Military.
|
| 999 |
|
|
|a MARS
|
| 999 |
f |
f |
|s 739b10fd-4198-3d65-b98e-53970b83cd46
|i d114e8d6-5450-32b0-8b84-3b26f7545338
|t 0
|
| 952 |
f |
f |
|p ric
|a Texas A&M University
|b Rellis Campus
|c Joint Library Facility
|d Remote Storage
|t 0
|e E181 .L45 1968
|h Library of Congress classification
|i unmediated -- volume
|k v.2
|m A14835798318
|
| 952 |
f |
f |
|p ric
|a Texas A&M University
|b Rellis Campus
|c Joint Library Facility
|d Remote Storage
|t 0
|e E181 .L45 1968
|h Library of Congress classification
|i unmediated -- volume
|k v.1
|m A14811044242
|
| 952 |
f |
f |
|p ric
|a Texas A&M University
|b Rellis Campus
|c Joint Library Facility
|d Remote Storage
|t 0
|e E181 .L45 1968
|h Library of Congress classification
|i unmediated -- volume
|k v.2
|m A14811044292
|
| 998 |
f |
f |
|a E181 .L45 1968
|s v.2
|t 0
|l Remote Storage
|
| 998 |
f |
f |
|a E181 .L45 1968
|s v.1-v.2
|t 0
|l Remote Storage
|